東京都区内の消滅した駅名 - Statistics

General Stats
  • This quiz has been taken 73 times
  • The average score is 16 of 148
Answer Stats
% Correct
万世橋
63%
博物館動物園
49%
業平橋
42%
羽田
39%
飯田町
37%
羽田空港
33%
二子玉川
33%
二子玉川園
33%
多摩川
30%
多摩川園
30%
京浜蒲田
28%
羽田空港国際線ターミナル
28%
羽田空港国内線ターミナル
28%
青山
26%
西銀座
25%
営団赤塚
23%
営団成増
23%
北馬場
23%
南馬場
23%
羽田空港国際線ビル
21%
羽田空港第1ビル
21%
羽田空港第2ビル
21%
自由ヶ丘
19%
碑文谷
19%
青山六丁目
18%
上り屋敷
18%
浅草
18%
江戸橋
18%
浅草雷門
16%
穴守
16%
荒川
16%
烏森
16%
寛永寺坂
16%
新奥沢
16%
神宮前
16%
東大前
16%
並木橋
16%
青山四丁目
14%
柿の木坂
14%
駒場
14%
志村
14%
昌平橋
14%
新橋
14%
玉ノ井
14%
向島
14%
雪ヶ谷
14%
両国橋
14%
上野公園
12%
12%
国際展示場正門
12%
緑ヶ丘
12%
桐ヶ谷
11%
久ヶ原
11%
山谷
11%
千住
11%
戸越
11%
中千住
11%
牛込
9%
金井窪
9%
九品仏
9%
石神井
9%
第一師範
9%
調布
9%
東武堀之内
9%
西千住
9%
東大泉
9%
蛇窪
9%
丸子
9%
青山師範
7%
吾妻橋
7%
一高前
7%
鵜ノ木
7%
小田急本社前
7%
御嶽山前
7%
学校裏
7%
京成請地
7%
慶大グラウンド前
7%
小山
7%
下十条
7%
白鬚
7%
諏訪分
7%
千駄ヶ谷新田
7%
調布大塚
7%
中丸山
7%
旗ヶ丘
7%
羽田整備場
7%
東洗足
7%
東調布
7%
本所
7%
武蔵常盤
7%
矢口
7%
雪ヶ谷大塚
7%
代々幡上原
7%
池月
5%
石川
5%
請地
5%
新平和島
5%
隅田公園
5%
世田ヶ谷中原
5%
代田二丁目
5%
天神
5%
道灌山通
5%
都立高校
5%
西駒場
5%
貫井
5%
東駒場
5%
府立家政
5%
府立高等
5%
堀切
5%
本門寺道
5%
丸子多摩川
5%
稲荷橋
4%
北馬場・南馬場
4%
砧本村
4%
グラントハイツ
4%
光明寺
4%
末広
4%
洗足公園
4%
多摩川園前
4%
長浦
4%
西鷺ノ宮
4%
西松原
4%
新田
4%
練馬倉庫
4%
二子読売園
4%
府立高等前
4%
目黒不動前
4%
柏木
2%
北十間
2%
京成玉ノ井
2%
呉服橋
2%
豊島
2%
虎橋通
2%
中耕地
2%
浜川
2%
平井街道
2%
道塚
2%
武蔵丸子
2%
吉沢
2%
上野動物園分園
0%
上野動物園本園
0%
大森山谷
0%
大森八幡
0%
十間橋通
0%
新宿御苑
0%
葬場殿
0%
高田馬場
0%
出村
0%
No matching quizzes found
Score Distribution
Percent of People with Each Score
Percentile by Number Answered
Your Score History
You have not taken this quiz